ბათუმის შოთა რუსთაველის სახელმწიფო უნივერსიტეტის ბიბლიოთეკა

სამხრეთ–დასავლეთ საქართველოს ურთიერთობა იერუსალიმის ქართულ კოლონიასთან (XVI-XVIIIსს.) / (ბიბ.ჩანაწერი № 41048)

000 -ლიდერი
ფიქსირებული სიგრძის საკონტროლო ველი 01182nam a2200217Ia 4500
001 - საკონტროლო ნომერი
საკონტროლო ველი 7697
003 - საკონტროლო ნომრის იდენტიფიკატორი
საკონტროლო ველი GE_BSU
005 - ბოლო ოპერაციის თარიღი და დრო
საკონტროლო ველი 20240122173735.0
008 - ფიქსირებული სიგრძის მონაცემთა ელემენტები - ზოგადი ინფორმაცია
ფიქსირებული სიგრძის საკონტროლო ველი 181216s2013||||ge |||||||||||||| ||geo||
020 ## - წიგნის საერთაშორისო სტანდარტული ნომერი
International Standard Book Number 9789941221002
040 ## - კატალოგიზაციის წყარო
Transcribing agency GE_BSU
041 ## - ენის კოდი
Language code of text/sound track or separate title geo
080 ## - უნივერსალური ათობითი კლასიფიკაციის ინდექსი
Universal Decimal Classification number 94(479.223) ქ–16
100 ## - მთავარი ჩანაწერი - პიროვნების სახელი
Personal name ქათამაძე, ციური
9 (RLIN) 21087
245 ## - ცნობა სათაურის შესახებ
Title სამხრეთ–დასავლეთ საქართველოს ურთიერთობა იერუსალიმის ქართულ კოლონიასთან (XVI-XVIIIსს.) /
Statement of responsibility, etc ციური ქათამაძე ; რედ. ბიჭიკო დიასამიძე.
264 ## - წარმოების, გამოცემის, დისტრიბუციის და სხვა ცნობები
გამოცემის, წარმოების, დისტრიბუციის... ადგილი თბილისი :
გამოცემის, წარმოების, დისტრიბუციის... სახელწოდება უნივერსალი,
გამოცემის, წარმოების, დისტრიბუციის... თარიღი 2013.
300 ## - ფიზიკური აღწერა
Extent 209 გვ. :
Other physical details ილ.;
Dimensions 20 სმ.
653 ## - INDEX TERM--UNCONTROLLED
Uncontrolled term სამხრეთ–დასავლეთ საქართველოს ურთიერთობა იერუსალიმის ქართულ კოლონიასთან (XVI-XVIIIსს)
700 ## - ADDED ENTRY--PERSONAL NAME
Personal name დიასამიძე, ბიჭიკო
Relator term რედაქტორი
9 (RLIN) 21088
942 ## - ADDED ENTRY ELEMENTS (KOHA)
Koha item type წიგნი
Source of classification or shelving scheme
ეგზემპლარები
ჩამოწერის სტატუსი დაკარგული ეგზემპლარის სტატუსი კლასიფიკაციის წყარო ან თაროზე გაწყობის სქემა დაზიანების სტატუსი არ გაიცემა მუდმივი მდებარეობა (დაცვის ადგილი) ამჟამინდელი ადგილსამყოფელი თაროზე განთავსების ადგილი შეძენის თარიღი სრული შენახვის შიფრი შტრიხკოდი ბოლო ოპერაციის თარიღი ეგზემპლარის მიმდევრობითი ნომერი (კეტერი?) ფასის ძალაში შესვლის თარიღი ეგზემპლარის სახეობა
          ბათუმის შოთა რუსთაველის სახელმწიფო უნივერსიტეტის მთავარი ბიბლიოთეკა ბათუმის შოთა რუსთაველის სახელმწიფო უნივერსიტეტის მთავარი ბიბლიოთეკა წიგნის კალათა 2018-12-17 94(479.223) ქ–16 23544 2018-12-17 23544 2018-12-17 წიგნი
          ბათუმის შოთა რუსთაველის სახელმწიფო უნივერსიტეტის მთავარი ბიბლიოთეკა ბათუმის შოთა რუსთაველის სახელმწიფო უნივერსიტეტის მთავარი ბიბლიოთეკა წიგნის კალათა 2018-12-17 94(479.223) ქ–16 23545 2018-12-17 23545 2018-12-17 წიგნი